Wastewater engineering: treatment and reuse
Gardado en:
| Autor Corporativo: | |
|---|---|
| Formato: | Libro |
| Idioma: | inglés |
| Publicado: |
Boston, USA
McGraw-Hill
2003
|
| Edición: | Fourth Edition |
| Series: | The McGraw-Hill Series in Civil and Environmental Engineering
|
| Subjects: | |
| Acceso en liña: | Disponible Online |
| Tags: |
Engadir etiqueta
Sen Etiquetas, Sexa o primeiro en etiquetar este rexistro!
|
MARC
| LEADER | 00000nam a2200000 a 4500 | ||
|---|---|---|---|
| 001 | UCJ9636 | ||
| 003 | CL-VaPUC | ||
| 005 | 20210326001723.0 | ||
| 008 | 070330e20030000US |||||||||||||||||eng|d | ||
| 999 | |c 325057 |d 325055 | ||
| 020 | |a 0070418780 | ||
| 040 | |c Pontificia Universidad Católica de Valparaíso | ||
| 082 | 0 | 4 | |a 628.2 MET 2003 |2 21 |
| 110 | 2 | |a Metcalf and Eddy, Inc |e author |9 519620 | |
| 245 | 1 | 0 | |a Wastewater engineering: treatment and reuse |
| 250 | |a Fourth Edition | ||
| 260 | |a Boston, USA |b McGraw-Hill |c 2003 | ||
| 300 | |a 1819 páginas | ||
| 440 | |a The McGraw-Hill Series in Civil and Environmental Engineering |9 860254 | ||
| 583 | |a last modification |c 20161003 11:36:58 |k Rodrigo Vera | ||
| 650 | 0 | |a Aguas residuales |9 262614 | |
| 650 | 0 | |a Drenaje sanitario |2 CL-VaPUC |9 353549 | |
| 650 | 0 | |a Tecnología sanitaria |9 262722 | |
| 650 | 0 | |a Tratamiento del agua |9 262889 | |
| 650 | 0 | |a Protección del medio ambiente |9 257626 | |
| 856 | |u http://bibliografiadigital.pucv.cl.pucv.idm.oclc.org/index.php/bibliotecapucv/catalog/book/168 |y Disponible Online | ||
| 942 | |c BK |2 ddc | ||
| 945 | |d 20070330 00:00:00 |a cmena | ||
| 952 | |0 0 |1 0 |4 0 |6 628_200000000000000_MET_2003 |7 0 |8 A |9 405606 |a BIBING |b BIBING |d 2019-11-22 |i 4327403 |o 628.2 MET 2003 |p 4327403 |r 2025-01-20 |w 2019-11-22 |y BK |k EIB | ||